LDR 01047naa#a2200205#i#450# 001 RU\INFRA-M\bibl\126692 005 20260702070235.4 011 ## _a3033-8166 100 ## _a20260629b2026####ek#y0rusy0150####ca 102 ## _aRU 200 1# _aВозможности применения международных стандартов проектного управления PMBOK и IPMA ICB4 в условиях удаленной работы команд _eЖурнальная статья 210 1# _aМосква _cОбщество с ограниченной ответственностью «Научно-издательский центр ИНФРА-М» _d2026 215 ## _a9 с. 608 ## _aЖурнальная статья _2local 675 ## _aЭкономическая политика. Управление и планирование в экономике. 338.2 _z 700 #1 _aФомина _gЮ. А. 700 #1 _aКлименко _gО. А. 700 #1 _aКузнецова _gМ. А. 700 #1 _aБотвина _gП. А. 856 4# _anaukaru.ru _u